000 00833cam a2200289 4500
008 090401t1993 xxu||||| |||| 00| 0 eng d
020 _a0727719858
035 _a(Sirsi) u23612
041 _aeng
050 _a624.151
110 _aSite Investigation Steering Group
_92387
245 _aGuidelines for the safe investigation by drilling of landfills and contaminated land.
260 _aLondon
_bThomas Telford
_c1993
300 _a34p. ; 30cm.
350 _a7.5
490 _aSite Investigation in Construction
_v4
650 _aBILLS OF QUANTITIES
650 _aCONTAMINATED LAND
650 _aGROUND INVESTIGATIONS
650 _aHAZARDS
650 _aHEALTH AND SAFETY
_96244
650 _aLANDFILL SITES
650 _aSITE INVESTIGATION
690 _aBUILT ENVIRONMENT
942 _n0
948 _c04/03/1997
999 _c88428
_d88428